HIghway Engineering / (Record no. 527191)

000 -LEADER
fixed length control field 00376nam a22001457a 4500
020 ## - INTERNATIONAL STANDARD BOOK NUMBER
International Standard Book Number 9789350142882
082 ## - DEWEY DECIMAL CLASSIFICATION NUMBER
Classification number 625.7
Author Mark UPA
100 ## - MAIN ENTRY--PERSONAL NAME
Personal name Upadhyay A.k
245 ## - TITLE STATEMENT
Title HIghway Engineering /
Statement of responsibility, etc. Upadhyay A.K
260 ## - PUBLICATION, DISTRIBUTION, ETC.
Place of publication, distribution, etc. Dehli :
Name of publisher, distributor, etc. S.K. Kataria & Sons
300 ## - PHYSICAL DESCRIPTION
Extent 255 p. ;
942 ## - ADDED ENTRY ELEMENTS (KOHA)
Source of classification or shelving scheme
Koha item type Book
Holdings
Withdrawn status Lost status Source of classification or shelving scheme Damaged status Not for loan Permanent Location Current Location Shelving location Date acquired Source of acquisition Cost, normal purchase price Full call number Barcode Date last seen Copy number Price effective from Koha item type
          NUST Baluchistan Campus (NBC) NUST Baluchistan Campus (NBC) Book Cart 07/23/2019 Purchased 0.00 625.7 UPA Q-233 07/23/2019 1 07/23/2019 Book
          NUST Baluchistan Campus (NBC) NUST Baluchistan Campus (NBC) Book Cart 07/23/2019 Purchased 0.00 625.7 UPA Q-234 07/23/2019 2 07/23/2019 Book
© 2023 Central Library, National University of Sciences and Technology. All Rights Reserved.